Score 0/28 Timer 03:00
0 Plays Today
Clue 4-Letter Word % Correct
A strong affectionLOVE
98.7%
Bird of peace*DOVE*
98.6%
Where you park your boatDOCK
97.1%
Like broadcasts that aren't pre-recordedLIVE
96.8%
12, in SpanishDOCE
93.3%
Actress Mulgrew or WinsletKATE
90.7%
A fish breathing organGILL
89.6%
Huey, Dewey, or Louie, e.g.*DUCK*
88.4%
Where one grinds grain into flourMILL
87%
Unspicy, like salsaMILD
85.4%
Seabird closely related to terns*GULL*
84.9%
The body of a shipHULL
84.6%
NakedBARE
84%
Gamma-ray-caused, green Marvel superheroHULK
83.8%
Clue 4-Letter Word % Correct
Husband or wife, e.g.MATE
83.3%
An attractive, muscly manHUNK
80.4%
Description of foods that are low-calLITE
77.4%
An intangible thing the brain housesMIND
75.3%
Raptor birds known to soar*KITE*
74.6%
A medieval singerBARD
74.2%
One of this eats oats in a children's songMARE
74.2%
A vicious bird of prey*HAWK*
73.4%
The theme of this quiz*BIRD*
71.7%
To ensnare, or tie upBIND
71.6%
'The Simpsons' supervillan ScorpioHANK
65.6%
A bird of European origin famous for its song*LARK*
36%
Modify something for a new unintended purposeHACK
28.6%
To have need of somethingLACK
27.4%

Today's Daily Dose

Missing Word
3 Word TV Shows

Word Ladder
Olsen Twins

Quick Pick
TLC Shows

You're not logged in!

Compare scores with friends on all Sporcle quizzes.
OR
Log In

Sporcle TV

Today on Sporcle TV


Watch our educational content, quiz creation guides, and fun videos on Sporcle TV.

Show Comments

Extras

Top Quizzes Today


Score Distribution

Paid Content

Your Account Isn't Verified!

In order to create a playlist on Sporcle, you need to verify the email address you used during registration. Go to your Sporcle Settings to finish the process.

Report this User

Report this user for behavior that violates our Community Guidelines.

Details: